Advanced engineering mathematics, vol-1&2 (Record no. 571319)

000 -LEADER
fixed length control field 00467nam a22001817a 4500
003 - CONTROL NUMBER IDENTIFIER
control field CEME
005 - DATE AND TIME OF LATEST TRANSACTION
control field 20210628202857.0
008 - FIXED-LENGTH DATA ELEMENTS--GENERAL INFORMATION
fixed length control field 210119b xxu||||| |||| 00| 0 eng d
020 ## - INTERNATIONAL STANDARD BOOK NUMBER
International Standard Book Number 81-7319-541-2
040 ## - CATALOGING SOURCE
Transcribing agency ceme
082 ## - DEWEY DECIMAL CLASSIFICATION NUMBER
Classification number 510.2462 JAI
100 ## - MAIN ENTRY--PERSONAL NAME
Personal name Jain, R.K, Iyengar, S.R.K
9 (RLIN) 62104
245 ## - TITLE STATEMENT
Title Advanced engineering mathematics, vol-1&2
250 ## - EDITION STATEMENT
Edition statement 2ND
260 ## - PUBLICATION, DISTRIBUTION, ETC.
Place of publication, distribution, etc. NEW DELHI
Name of publisher, distributor, etc. NAROSA PUBLISHING
Date of publication, distribution, etc. 2003
300 ## - PHYSICAL DESCRIPTION
Extent XVIII,1136 P
942 ## - ADDED ENTRY ELEMENTS (KOHA)
Koha item type Book
Source of classification or shelving scheme
Holdings
Withdrawn status Lost status Source of classification or shelving scheme Damaged status Not for loan Permanent Location Current Location Shelving location Date acquired Full call number Barcode Date last seen Price effective from Koha item type Public note Total Checkouts
          College of Electrical & Mechanical Engineering (CEME) College of Electrical & Mechanical Engineering (CEME) General Stacks 03/22/2017 510.2462 JAI CEME-42211 06/28/2021 06/28/2021 Book 3.6  
          College of Electrical & Mechanical Engineering (CEME) College of Electrical & Mechanical Engineering (CEME) General Stacks 03/22/2017 510.2462 JAI CEME-42212 06/28/2021 06/28/2021 Book 3.6 1
© 2023 Central Library, National University of Sciences and Technology. All Rights Reserved.